| 000 | 00474nam a22001817a 4500 | ||
|---|---|---|---|
| 003 | NUST - PNEC | ||
| 005 | 20170116180922.0 | ||
| 008 | 150902b xxu||||| |||| 00| 0 eng d | ||
| 020 | _a0024096008 | ||
| 040 | _cLIBRARY | ||
| 082 | _a620.11 SHA | ||
| 100 |
_96879 _aShackelford, James F. |
||
| 245 |
_aIntroduction to materials science for engineers _cJames F.Shackelford |
||
| 250 | _a6th ed. | ||
| 260 | _cc 2007 | ||
| 650 |
_95561 _aMaterials _xME |
||
| 942 |
_2ddc _cBK |
||
| 999 |
_c65644 _d65644 |
||